[Event "BCF-chT3 0203 (4NCL)"]
[Site "West Bromwich"]
[Date "2003.03.08"]
[Round "5.6"]
[White "Keeling, Geoff"]
[Black "Addis, Mark"]
[Result "1/2-1/2"]
[WhiteElo "2013"]
[BlackElo "2040"]
[PlyCount "31"]
[EventDate "2002.11.??"]
[EventType "team"]
[EventRounds "11"]
[EventCountry "ENG"]
[SourceTitle "EXT 2004"]
[Source "ChessBase"]
[SourceDate "2003.11.25"]
[SourceVersion "1"]
[SourceVersionDate "2003.11.25"]
[SourceQuality "1"]
[WhiteTeam "White Rose II"]
[BlackTeam "NW Eagles II"]
[WhiteTeamCountry "ENG"]
[BlackTeamCountry "ENG"]

1. e4 g6 2. d4 Bg7 3. Nc3 d6 4. Bg5 c5 5. d5 a6 6. a4 Qa5 7. Bd2 Nf6 8. Nf3 Bg4 9. Bd3 Nbd7 10. h3 Bxf3 11. Qxf3 Ne5 12. Qe3 Nxd3+ 13. Qxd3 0-0 14. 0-0 Qc7 15. Rfe1 b6 16. Bf4 1/2-1/2

[Event "BCF-chT3 0203 (4NCL)"]
[Site "West Bromwich"]
[Date "2003.01.18"]
[Round "3.4"]
[White "Young, Craig A"]
[Black "Keeling, Geoff"]
[Result "1/2-1/2"]
[WhiteElo "2097"]
[BlackElo "2013"]
[PlyCount "86"]
[EventDate "2002.11.??"]
[EventType "team"]
[EventRounds "11"]
[EventCountry "ENG"]
[SourceTitle "EXT 2004"]
[Source "ChessBase"]
[SourceDate "2003.11.25"]
[SourceVersion "1"]
[SourceVersionDate "2003.11.25"]
[SourceQuality "1"]
[WhiteTeam "Poisoned Pawns II"]
[BlackTeam "White Rose II"]
[WhiteTeamCountry "ENG"]
[BlackTeamCountry "ENG"]

1. Nf3 d5 2. c4 c6 3. b3 Nf6 4. Bb2 Bf5 5. e3 e6 6. Be2 Bd6 7. 0-0 Nbd7 8. d4 0-0 9. Nbd2 Ne4 10. Ne5 Nxd2 11. Qxd2 Qc7 12. Nxd7 Qxd7 13. Bd3 Bxd3 14. Qxd3 f5 15. f3 Qc7 16. f4 Rf6 17. a3 a5 18. Bc3 Rff8 19. Rfc1 Qd7 20. b4 axb4 21. axb4 b5 22. c5 Bc7 23. Qe2 Rfb8 24. Ra2 Rxa2 25. Qxa2 Kf7 26. Ra1 Ke7 27. Qf2 Kf8 28. Ra7 Qc8 29. Qa2 Ke7 30. Be1 Kf8 31. Bh4 Ke8 32. h3 Kd7 33. Kh2 Rb7 34. Ra3 Bd8 35. Ra8 Rb8 36. Ra7+ Bc7 37. g4 Qf8 38. Qg2 g6 39. Bf2 Ra8 40. Rxa8 Qxa8 41. gxf5 exf5 42. Qg5 Qf8 43. Qg3 Bd8 1/2-1/2

[Event "BCF-chT qual (4NCL)"]
[Site "England"]
[Date "2002.06.02"]
[Round "3"]
[White "Ashton, Adam"]
[Black "Keeling, Geoff"]
[Result "1-0"]
[WhiteElo "2146"]
[BlackElo "2043"]
[PlyCount "33"]
[EventDate "2002.06.??"]
[EventType "team"]
[EventRounds "8"]
[EventCountry "ENG"]
[SourceTitle "EXT 2005"]
[Source "ChessBase"]
[SourceDate "2004.11.15"]
[SourceVersion "1"]
[SourceVersionDate "2004.11.15"]
[SourceQuality "1"]
[WhiteTeam "Numerica 3Cs"]
[BlackTeam "White Rose"]
[WhiteTeamCountry "ENG"]
[BlackTeamCountry "ENG"]

1. e4 e5 2. Nf3 Nc6 3. d4 exd4 4. Bc4 Bc5 5. c3 Nf6 6. e5 Ne4 7. Bd5 f5 8. 0-0 dxc3 9. Nxc3 Nxc3 10. bxc3 h6 11. Nd4 Ne7 12. Nxf5 Nxd5 13. Qxd5 Bf8 14. Re1 g6 15. Nd6+ Bxd6 16. exd6+ Kf8 17. Re7 1-0

[Event "BCF-chT qual (4NCL)"]
[Site "England"]
[Date "2002.06.02"]
[Round "2"]
[White "Keeling, Geoff"]
[Black "Goodger, Martyn"]
[Result "0-1"]
[WhiteElo "2043"]
[BlackElo "2143"]
[PlyCount "64"]
[EventDate "2002.06.??"]
[EventType "team"]
[EventRounds "8"]
[EventCountry "ENG"]
[SourceTitle "EXT 2005"]
[Source "ChessBase"]
[SourceDate "2004.11.15"]
[SourceVersion "1"]
[SourceVersionDate "2004.11.15"]
[SourceQuality "1"]
[WhiteTeam "White Rose"]
[BlackTeam "Poisoned Pawns"]
[WhiteTeamCountry "ENG"]
[BlackTeamCountry "ENG"]

1. e4 e5 2. Nf3 Nf6 3. d4 Nxe4 4. dxe5 d5 5. Nbd2 Bf5 6. Nb3 Be7 7. Bd3 0-0 8. Be3 Nc6 9. c3 f6 10. Nfd4 Nxd4 11. Nxd4 Bc8 12. exf6 Bxf6 13. Qb3 Nc5 14. Qc2 Nxd3+ 15. Qxd3 c5 16. Nf3 Bf5 17. Qd2 Qd6 18. 0-0 Rad8 19. Bf4 Qa6 20. Be5 Bg4 21. Bxf6 Qxf6 22. Ne1 d4 23. c4 d3 24. f3 Qd4+ 25. Rf2 Be6 26. Rd1 Bxc4 27. b3 Bb5 28. Qa5 Ba6 29. a3 Rfe8 30. Qd2 Re2 31. Qxe2 dxe2 32. Rxd4 Rxd4 0-1

[Event "Jersey op"]
[Site "St Helier"]
[Date "2002.03.01"]
[Round "6"]
[White "Keeling, Geoff"]
[Black "Ruston, Mark"]
[Result "0-1"]
[WhiteElo "2053"]
[BlackElo "2056"]
[PlyCount "76"]
[EventDate "2002.02.24"]
[EventType "swiss"]
[EventRounds "7"]
[EventCountry "JCI"]
[SourceTitle "CBM 086 Extra"]
[Source "ChessBase"]
[SourceDate "2002.03.14"]
[SourceVersion "1"]
[SourceVersionDate "2002.03.14"]
[SourceQuality "1"]

1. e4 e6 2. Nf3 d5 3. Nc3 Nf6 4. e5 Nfd7 5. d4 c5 6. dxc5 Nc6 7. Bf4 Bxc5 8. Bd3 a6 9. 0-0 b5 10. a3 Bb7 11. Re1 Qb6 12. Qe2 Nd4 13. Nxd4 Bxd4 14. Qd2 0-0 15. Rad1 Bc5 16. Qe2 f5 17. exf6 Rxf6 18. Bg3 Raf8 19. Rf1 e5 20. Na2 Qe6 21. c3 d4 22. cxd4 Bxd4 23. Bxh7+ Kxh7 24. Rxd4 exd4 25. Qc2+ Qe4 26. Qxe4+ Bxe4 27. Nb4 a5 28. Na2 Rc6 29. Re1 Bg6 30. Re7 Rf7 31. Re1 Nf6 32. f3 Rc2 33. Bf2 Rxb2 34. Nc1 d3 35. Rd1 Rd7 36. h4 b4 37. axb4 axb4 38. Nxd3 Rxd3 0-1

[Event "Guernsey op 27th"]
[Site "Guernsey"]
[Date "2001.10.21"]
[Round "1"]
[White "Buckley, Graeme N"]
[Black "Keeling, Geoff"]
[Result "1-0"]
[WhiteElo "2409"]
[BlackElo "2053"]
[PlyCount "77"]
[EventDate "2001.10.21"]
[EventType "swiss"]
[EventRounds "7"]
[EventCountry "GCI"]
[SourceTitle "EXT 2002"]
[Source "ChessBase"]
[SourceDate "2001.11.25"]
[SourceVersion "1"]
[SourceVersionDate "2001.11.25"]
[SourceQuality "1"]

1. d4 d5 2. c4 Nc6 3. Nf3 Bg4 4. Nc3 e6 5. e3 Bb4 6. Be2 Nf6 7. 0-0 0-0 8. h3 Bh5 9. Ne5 Bxe2 10. Nxe2 Nxe5 11. dxe5 Ne8 12. Qb3 Ba5 13. Rd1 c6 14. Qxb7 Qc8 15. Qxc8 Rxc8 16. Bd2 Bc7 17. Bb4 Bxe5 18. Bxf8 Kxf8 19. Rac1 Bxb2 20. Rc2 Ba3 21. cxd5 Rd8 22. Rxc6 exd5 23. Ra6 Bc5 24. Ra5 Bb6 25. Raxd5 Rc8 26. a4 Nf6 27. Rb5 Rc2 28. Ng3 Ra2 29. Rb4 g6 30. Ne4 Nxe4 31. Rxe4 f5 32. Rc4 Ke7 33. g4 Ra3 34. gxf5 gxf5 35. Kg2 Ke6 36. Kf3 Ra2 37. Rh4 Ra3 38. Rh6+ Ke5 39. Rdd6 1-0

[Event "Politiken Cup 22nd"]
[Site "Copenhagen"]
[Date "2000.07.26"]
[Round "9"]
[White "Bering, Anders"]
[Black "Keeling, Geoff"]
[Result "1/2-1/2"]
[WhiteElo "2007"]
[BlackElo "2073"]
[PlyCount "52"]
[EventDate "2000.07.17"]
[EventType "swiss"]
[EventRounds "11"]
[EventCountry "DEN"]
[SourceTitle "CBM 077 Extra"]
[Source "ChessBase"]
[SourceDate "2000.09.14"]
[SourceVersion "1"]
[SourceVersionDate "2000.09.14"]
[SourceQuality "1"]

1. e4 e5 2. Nf3 Nc6 3. Bc4 Bc5 4. b4 Bb6 5. a4 a6 6. Nc3 d6 7. Nd5 Ba7 8. d3 h6 9. 0-0 Bg4 10. Ne3 Bh5 11. c3 Nf6 12. Nf5 0-0 13. Be3 d5 14. exd5 Nxd5 15. Bxa7 Rxa7 16. Bxd5 Qxd5 17. c4 Qe6 18. Ng3 Bg6 19. b5 Nd4 20. Nxd4 exd4 21. Re1 Qd7 22. Qf3 axb5 23. axb5 Rfa8 24. Rxa7 Rxa7 25. h3 Qd8 26. Nf5 Kf8 1/2-1/2

[Event "Politiken Cup 22nd"]
[Site "Copenhagen"]
[Date "2000.07.23"]
[Round "7"]
[White "Nielsen, Thomas"]
[Black "Keeling, Geoff"]
[Result "1/2-1/2"]
[WhiteElo "2257"]
[BlackElo "2073"]
[PlyCount "43"]
[EventDate "2000.07.17"]
[EventType "swiss"]
[EventRounds "11"]
[EventCountry "DEN"]
[SourceTitle "CBM 077 Extra"]
[Source "ChessBase"]
[SourceDate "2000.09.14"]
[SourceVersion "1"]
[SourceVersionDate "2000.09.14"]
[SourceQuality "1"]

1. d4 d5 2. c4 Nc6 3. Nc3 Nf6 4. Nf3 dxc4 5. d5 Na5 6. Bg5 c6 7. e4 cxd5 8. exd5 e6 9. Bxc4 Nxc4 10. Qa4+ Qd7 11. Qxc4 exd5 12. Qb5 Be7 13. 0-0 0-0 14. Rfe1 Qxb5 15. Nxb5 Bd8 16. Rac1 Bd7 17. Nd6 Bc6 18. Nd4 Ne4 19. Bxd8 Rfxd8 20. Nxe4 dxe4 21. Nxc6 bxc6 22. Rxe4 1/2-1/2

[Event "Jersey op"]
[Site "St Helier"]
[Date "2000.02.22"]
[Round "3"]
[White "Keeling, Geoff"]
[Black "Vickery, Jim"]
[Result "1/2-1/2"]
[WhiteElo "2075"]
[BlackElo "2235"]
[PlyCount "40"]
[EventDate "2000.02.20"]
[EventType "swiss"]
[EventRounds "7"]
[EventCountry "JCI"]
[SourceTitle "CBM 074 Extra"]
[Source "ChessBase"]
[SourceDate "2000.03.10"]
[SourceVersion "2"]
[SourceVersionDate "2000.03.10"]
[SourceQuality "1"]

1. e4 Nf6 2. Nc3 e5 3. g3 c6 4. Bg2 d5 5. exd5 cxd5 6. d4 exd4 7. Qxd4 Nc6 8. Qd1 Bg4 9. Nf3 d4 10. Ne2 Bc5 11. 0-0 0-0 12. Nf4 h6 13. Nd3 Bb6 14. h3 Bf5 15. b3 Rc8 16. a4 Bxd3 17. cxd3 Re8 18. Bb2 Nd5 19. Nd2 Ba5 20. Nc4 Bb4 1/2-1/2

[Event "Sheffield op"]
[Site "Sheffield"]
[Date "1999.??.??"]
[Round "1"]
[White "Palliser, Richard"]
[Black "Keeling, Geoff"]
[Result "1-0"]
[WhiteElo "2219"]
[BlackElo "2145"]
[PlyCount "77"]
[EventDate "1999.04.??"]
[EventType "swiss"]
[EventRounds "6"]
[EventCountry "ENG"]
[SourceTitle "EXT 2000"]
[Source "ChessBase"]
[SourceDate "1999.11.16"]
[SourceVersion "1"]
[SourceVersionDate "1999.11.16"]
[SourceQuality "1"]

1. d4 d5 2. c4 Nc6 3. Nf3 Bg4 4. Nc3 e6 5. Bg5 Be7 6. Bxe7 Ngxe7 7. e3 0-0 8. Bd3 h6 9. h3 Bh5 10. 0-0 dxc4 11. Bxc4 Nd5 12. Ne4 Nce7 13. Rc1 Bg6 14. Nc5 b6 15. Nd3 Nf6 16. Nfe5 Be4 17. Nf4 Ned5 18. Ne2 Qd6 19. Ng3 Bh7 20. Qe2 Ne4 21. Nxe4 Bxe4 22. f3 Bh7 23. e4 Nf4 24. Qe3 Ng6 25. Nxg6 Bxg6 26. Rfd1 Rad8 27. Bb3 Rfe8 28. Qc3 Re7 29. Kf2 Qf4 30. g3 Qd6 31. d5 e5 32. Qc6 f5 33. Qxd6 Rxd6 34. Ke3 fxe4 35. fxe4 Be8 36. Rd2 a5 37. a3 Bb5 38. Rdc2 c5 39. dxc6+ 1-0